| 000 | 02724cam a22004694i 4500 | ||
|---|---|---|---|
| 003 | PE-LiUPU | ||
| 005 | 20250731173127.0 | ||
| 008 | 150623s1963 miu rb 000 0 eng d | ||
| 020 | _a0310281105 | ||
| 035 | _a(Sirsi) i9780310281108 | ||
| 040 |
_aPE-LiUPU _bspa _cPE-LiUPU _erda |
||
| 049 | _aPRUA | ||
| 082 | 0 | 4 |
_a220.8 _bA3 _221 |
| 100 | 1 |
_aLockyer, Herbert, _eautor. |
|
| 245 | 1 | 0 |
_aAll the parables of the Bible : _ba study and analysis of the more than 250 parables in scripture. _n11 / _cHerbert Lockyer. |
| 264 | 1 |
_aGrand Rapids : _bZondervan Publishing House, _c1963. |
|
| 300 |
_a381 páginas ; _c24 centímetros. |
||
| 336 |
_atext _2rdacontent |
||
| 337 |
_aunmediated _2rdamedia |
||
| 338 |
_avolume _2rdacarrier |
||
| 490 | 0 |
_aThe All Series by Herbert Lockyer ; _v11 |
|
| 504 | _aIncluye bibliografía. | ||
| 505 | 0 | _aThe maturity of the parabolic method -- The meaning of the term-Parable -- The manifold phases of figurative speech -- The merit of parabolic instruction -- The mission of a parable -- The misinterpretation and true interpretation of parables -- The multiformity of the parables -- Old Testament parables: Parables in the historical books (Genesis-Job) -- Parables of Solomon (Proverbs, Ecclesiastes and song of Solomon) -- The parables of Isaiah -- The parables of Jeremiah -- The parables of Ezekiel -- The parables of Daniel -- The parables of Hosea, Micah, Habakkuk -- The parables of Zechariah and Malachi -- New Testament parables: Parables as preaching potential; parables as portraiture; parables according to plan; parables of the early ministry; Parables of the later ministry; parables of the passion week -- The parables of John the Baptist -- The parables of our Lord -- In Matthew -- In Mark -- In Luke -- The absence of parabolic material in John -- Parabolic instruction in the acts -- Parabolic instruction in the Pauline Epistles -- Parabolic instruction in the general epistles -- Parabolic instruction in the revelation. | |
| 526 | _aSEG42 | ||
| 526 | _aSEG41 | ||
| 526 | _aSEG40 | ||
| 526 | _aSEG39 | ||
| 526 | _aP94 | ||
| 526 | _aP87 | ||
| 526 | _aP86 | ||
| 526 | _aP85 | ||
| 526 | _aP77 | ||
| 526 | _aP76 | ||
| 526 | _aP35 | ||
| 650 | 1 | 4 |
_aParábolas bíblicas. _91498 |
| 942 |
_2ddc _cBOOK |
||
| 949 |
_a220.8 A3 11 _wDEWEY _c1 _i51263 _lCCODEBUL1 _mBUL _p15.00 _r0 _sY _tBOOK _u2015-6-24 _xTEOLOGIA _PP35 _0COMPRA _o.STAFF. Colección General |
||
| 994 |
_aC0 _bPEPRU |
||
| 596 | _a1 | ||
| 999 |
_a220.8 A3 11 _wDEWEY _c32972 _i51263 _f2021-11-9 _g5 _lCCODEBUL1 _mBUL _p15.00 _r0 _sY _tBOOK _u2015-6-24 _xTEOLOGIA _PP35 _0COMPRA _o.STAFF. Colección Teología _d32972 |
||
| 980 |
_81 _gALBERTO SANCHEZ Responsable de Automatización |
||